书目信息 |
| 题名: |
宝宝喜爱的睡前胎教故事
|
|
| 作者: | 菅波 主编 | |
| 分册: | HONEY,让爸爸的声音陪伴你 | |
| 出版信息: | 北京 中国轻工业出版社 2020.01 |
|
| 页数: | 167页 | |
| 开本: | 17×19cm | |
| 丛书名: | ||
| 单 册: | ||
| 中图分类: | G610.8 | |
| 科图分类: | ||
| 主题词: | 胎教--tai jiao--基本知识 | |
| 电子资源: | ||
| ISBN: | 978-7-5184-1219-8 | |
| 000 | 00832nam0 2200229 450 | |
| 001 | 0104125623 | |
| 005 | 20201104125712.0 | |
| 010 | @a978-7-5184-1219-8@dCNY32.80 | |
| 100 | @a20170215d2020 em y0chiy50 ea | |
| 101 | 0 | @achi |
| 102 | @aCN@b110000 | |
| 105 | @aa z 000fy | |
| 106 | @ar | |
| 200 | 1 | @a宝宝喜爱的睡前胎教故事@Abao bao xi ai de shui qian tai jiao gu shi@iHONEY,让爸爸的声音陪伴你@f菅波主编 |
| 210 | @a北京@c中国轻工业出版社@d2020.01 | |
| 215 | @a167页@c彩图@d17×19cm | |
| 330 | @a本书选取了七个充满爱和智慧的主题,除了给人以启发的故事,还有一些胎教小知识、趣味猜猜猜的内容,轻松活泼;清新唯美的手绘插画,让准爸爸的更好地融入情境。 | |
| 606 | 0 | @a胎教@Atai jiao@x基本知识 |
| 690 | @aG610.8@v5 | |
| 701 | 0 | @a菅波@Ajian bo@4主编@c(女) |
| 801 | 0 | @aCN@bBJSZM@c20201104 |
| 905 | @b1260516-20@dG610.8@e1245@f5 | |
| 宝宝喜爱的睡前胎教故事.HONEY,让爸爸的声音陪伴你/菅波主编.-北京:中国轻工业出版社,2020.01 |
| 167页:彩图;17×19cm |
| ISBN 978-7-5184-1219-8:CNY32.80 |
| 本书选取了七个充满爱和智慧的主题,除了给人以启发的故事,还有一些胎教小知识、趣味猜猜猜的内容,轻松活泼;清新唯美的手绘插画,让准爸爸的更好地融入情境。 |
| ● |
| 相关链接 |
|
|
|
|
正题名:宝宝喜爱的睡前胎教故事
索取号:G610.8/1245
 
预约/预借
| 序号 | 登录号 | 条形码 | 馆藏地/架位号 | 状态 | 备注 |
| 1 | 1260516 | 212605162 | 第一样本阅览室/ [索取号:G610.8/1245] | 在馆 | |
| 2 | 1260517 | 212605171 | 教育系资料室/ [索取号:G610.8/1245] | 在馆 | |
| 3 | 1260518 | 212605180 | 教育系资料室/ [索取号:G610.8/1245] | 在馆 | |
| 4 | 1260519 | 212605199 | 第四借阅区/ [索取号:G610.8/1245] | 在馆 | |
| 5 | 1260520 | 212605206 | 第四借阅区/ [索取号:G610.8/1245] | 在馆 |